| 000 | 00671nam a2200205 a 4500 | ||
|---|---|---|---|
| 999 |
_c2577 _d2577 |
||
| 001 | 2577 | ||
| 003 | BD-JhCC | ||
| 005 | 20171104201542.0 | ||
| 008 | 171104b1973 bg ||||| |||| 00| 0 ben d | ||
| 035 | _a(BD-JhCC) | ||
| 040 |
_aBD-JhCC _dBD-JhCC |
||
| 041 | _aben | ||
| 082 |
_a891.443 _bCHA 1973 |
||
| 100 | _aচট্টোপাধ্যায়, বঙ্কিমচন্দ্র | ||
| 245 |
_aরজনী / _cবঙ্কিমচন্দ্র চট্টোপাধ্যায় |
||
| 260 |
_aঢাকা: _bমুক্তধারা ; _c১৯৭৩ |
||
| 300 |
_a৮৭ পৃ. ; _c২২ সেমি |
||
| 650 | _aBengali novel | ||
| 942 |
_2ddc _cBK |
||